|
|
|
|
| LEADER |
00000nab a2200000 a 4500 |
| 001 |
vtls000859639 |
| 003 |
SK-MaSNL |
| 005 |
20260304130921.0 |
| 008 |
250429c2003 xo 0 slo |
| 015 |
|
|
|a SNBRB2004/01-02846
|
| 035 |
|
|
|a CLN000211260
|
| 035 |
|
|
|a urn:nbn:sk:snk-ab6z99
|
| 035 |
|
|
|a (uuid)9a120895-61f2-4d2f-bddf-8804ac6fcd4e
|
| 035 |
|
|
|a (urnnbn)urn:nbn:sk:snk:ar-a06c94
|
| 035 |
|
|
|a (sysno)vtls000859639
|
| 040 |
|
|
|a SNKBUCL
|b slo
|c SNKBUCL
|e AACR2
|
| 041 |
0 |
|
|a eng
|
| 044 |
|
|
|a xo
|c SK
|
| 080 |
|
|
|a 616-006.3-097:615.015.8
|2 1997
|
| 245 |
0 |
0 |
|a Modulation of HLA class I expression in multidrug-resistant human rhabdomyosarcoma cells
|c C. Melguizo ...[et al.]
|
| 300 |
|
|
|b Grafy, tab.
|
| 504 |
|
|
|a Res. angl.
|
| 504 |
|
|
|a Bibliogr. odkazy
|
| 650 |
0 |
7 |
|a antigény HLA-A
|x analýza
|x použitie diagnostické
|x imunológia
|2 MESH
|9 1443099
|
| 650 |
0 |
7 |
|a mnohopočetná lieková rezistencia
|2 MESH
|9 20692
|
| 650 |
0 |
7 |
|a verapamil
|x analógy a deriváty
|x aplikácia a dávkovanie
|x použitie terapeutické
|2 MESH
|9 1443100
|
| 650 |
0 |
7 |
|a rabdomyosarkóm
|2 MESH
|9 26717
|
| 650 |
0 |
7 |
|a P-glykoproteíny
|x analýza
|x použitie diagnostické
|2 MESH
|9 1443101
|
| 650 |
0 |
7 |
|a expresia génu
|x genetika
|x imunológia
|2 MESH
|9 1412454
|
| 655 |
|
7 |
|a články z novín a časopisov
|2 snkbucl
|9 267496
|
| 700 |
1 |
|
|a Melguizo, C.
|4 aut
|9 1443102
|
| 700 |
1 |
|
|a Marchal, J.A.
|4 aut
|9 1443103
|
| 700 |
1 |
|
|a Vélez, C.
|4 aut
|9 1443104
|
| 700 |
1 |
|
|a Carrillo, E.
|4 aut
|9 1199243
|
| 700 |
1 |
|
|a Boulaiz, H.
|4 aut
|9 1199245
|
| 700 |
1 |
|
|a Sánchez-Montesinos, I.
|4 aut
|9 1443105
|
| 700 |
1 |
|
|a Madeddu, R.
|4 aut
|9 1443106
|
| 700 |
1 |
|
|a Prados, J.
|4 aut
|9 1199246
|
| 700 |
1 |
|
|a Aránega, A.
|4 aut
|9 1199241
|
| 773 |
0 |
|
|t Neoplasma
|g Vol. 50, no. 2 (2003), s. 91-96
|x 0028-2685
|
| 850 |
|
|
|a Slovenská národná knižnica
|
| 852 |
|
|
|a Slovenská národná knižnica
|
| 958 |
|
|
|a article27
|
| 958 |
|
|
|a NB
|
| 958 |
|
|
|a MI
|
| 958 |
|
|
|a OND
|
| 958 |
|
|
|a EUIPO
|
| 992 |
|
|
|a RBX
|
| 999 |
|
|
|c 2895837
|d 2897767
|